Getting work done : Prioritize your work, be more efficient, take control of your time.

Don't have much time? Get up to speed fast on the most essential business skills with HBR's 20-Minute Manager series. Whether you need a crash course or a brief refresher, each book in the series is a concise, practical primer that will help you brush up on a key management topic. Advice y...

ver descrição completa

Na minha lista:
Detalhes bibliográficos
Formato: Livro
Idioma:Undetermined
Publicado em: Boston Harvard Business Review Press 2014
Assuntos:
Tags: Adicionar Tag
Sem tags, seja o primeiro a adicionar uma tag!
Thư viện lưu trữ: Trung tâm Học liệu Trường Đại học Cần Thơ
LEADER 01001nam a2200169Ia 4500
001 CTU_225013
008 210402s9999 xx 000 0 und d
082 |a 650.11 
082 |b G394 
245 0 |a Getting work done : 
245 0 |b Prioritize your work, be more efficient, take control of your time. 
260 |a Boston 
260 |b Harvard Business Review Press 
260 |c 2014 
520 |a Don't have much time? Get up to speed fast on the most essential business skills with HBR's 20-Minute Manager series. Whether you need a crash course or a brief refresher, each book in the series is a concise, practical primer that will help you brush up on a key management topic. Advice you can quickly read and apply, for ambitious professionals and aspiring executives--from the most trusted source in business. 
650 |a Time management.,Quản lý thời gian,Năng suất lao động.,Labor productivity.,Labor productivity. 
980 |a Trung tâm Học liệu Trường Đại học Cần Thơ